000 00727nam a2200241Ia 4500
003 OSt
005 20220927105433.0
006 a|||||r|||| 00| 0
007 ta
008 220926b |||||||| |||| 00| 0 eng d
024 _a172823
037 _cReference Collections
040 _aRTL
_cRTL
_beng
041 _2eng
_aeng
082 _a"X622.2.N96 - N95r, N6/GD"
110 _aIndustrial development bank of India.
_9372534
245 0 _aAnnual report 1995-96.
260 _aMumbai
_bIDBI
_c1996
300 _a242p.
_ccm.
700 _aIndustrial development bank of India.
_9372535
942 _h"X622.2.N96 - N95r, N6/GD"
_cCC
999 _c692556
_d692556